[Event "25. Copenhagen Open  (Politiken Cup)"]
[Site "Copenhagen"]
[Date "2003.07.19"]
[Round "6"]
[White "Petersen, Nils"]
[Black "Glud, Jakob Vang"]
[Result "0-1"]
[WhiteElo "2009"]
[BlackElo "2173"]
[PlyCount "78"]
[EventDate "2003.07.14"]
[EventType "swiss"]
[EventRounds "11"]
[EventCountry "DEN"]
[SourceDate "2004.01.01"]

1. c4 e6 2. e4 d5 3. exd5 exd5 4. d4 Nf6 5. Nf3 Bb4+ 6. Bd2 Bxd2+ 7. Nbxd2 O-O
8. Be2 Bg4 9. O-O dxc4 10. Nxc4 Nc6 11. b3 Rb8 12. Nce5 Bxf3 13. Nxf3 Qd6 14.
Bb5 Rbd8 15. Bxc6 Qxc6 16. Rc1 Qd6 17. Qc2 c6 18. Qc5 a6 19. Qxd6 Rxd6 20. Rfe1
Rfd8 21. Re7 R6d7 22. Rce1 Kf8 23. R7e5 h6 24. h4 Nd5 25. a3 Nc7 26. a4 Ne6 27.
g4 Nxd4 28. Nxd4 Rxd4 29. R5e4 c5 30. Kg2 a5 31. f3 Rxe4 32. Rxe4 Rd3 33. Rc4
b6 34. b4 axb4 35. a5 bxa5 36. Rxc5 a4 37. Rc4 Rd2+ 38. Kg3 Rb2 39. Kf4 a3 0-1

[Event "25. Copenhagen Open  (Politiken Cup)"]
[Site "Copenhagen"]
[Date "2003.07.19"]
[Round "6"]
[White "Petersen, Peter Birk"]
[Black "Preuss, Flemming"]
[Result "1/2-1/2"]
[WhiteElo "2221"]
[BlackElo "2083"]
[PlyCount "96"]
[EventDate "2003.07.14"]
[EventType "swiss"]
[EventRounds "11"]
[EventCountry "DEN"]
[SourceDate "2004.01.01"]

1. g3 f5 2. c4 Nf6 3. Bg2 d6 4. d4 c6 5. Nf3 Qc7 6. d5 e5 7. dxe6 Bxe6 8. Qd3
Nfd7 9. Nd4 Nf6 10. Qc2 Qd7 11. O-O Be7 12. b4 Na6 13. a3 Nc7 14. b5 d5 15.
bxc6 bxc6 16. Nc3 O-O 17. Nxe6 Qxe6 18. cxd5 Nfxd5 19. Rb1 Rab8 20. Rxb8 Rxb8
21. Nxd5 Nxd5 22. Rd1 Rd8 23. Bb2 Kf8 24. e3 g6 25. Bd4 Bxa3 26. Ra1 Be7 27.
Rxa7 Rd7 28. Ra5 Kf7 29. Qc4 Nb4 30. Qc1 c5 31. Bc3 Qb3 32. Bd2 Qd3 33. Bxb4
cxb4 34. Bf1 Qc3 35. Qb1 Rb7 36. Rb5 Rxb5 37. Bxb5 b3 38. Ba4 b2 39. Bc2 Kf6
40. Kg2 Ba3 41. h4 Ke5 42. Kf3 Qd2 43. Bd3 Kd6 44. Qc2 Qc1 45. Qb3 Bc5 46. Qb8+
Ke7 47. Qb7+ Ke6 48. Qc8+ Ke7 1/2-1/2

[Event "25. Copenhagen Open  (Politiken Cup)"]
[Site "Copenhagen"]
[Date "2003.07.19"]
[Round "6"]
[White "Rasmussen, Henning"]
[Black "Vovk, Oksana"]
[Result "0-1"]
[WhiteElo "1816"]
[BlackElo "2107"]
[PlyCount "146"]
[EventDate "2003.07.14"]
[EventType "swiss"]
[EventRounds "11"]
[EventCountry "DEN"]
[SourceDate "2004.01.01"]

1. d4 Nf6 2. Nf3 e6 3. c4 Bb4+ 4. Bd2 Qe7 5. Nc3 c5 6. e3 Bxc3 7. Bxc3 Ne4 8.
Qc2 Nxc3 9. Qxc3 O-O 10. Bd3 Nc6 11. a3 b6 12. O-O Bb7 13. e4 d6 14. d5 Nd8 15.
Qd2 e5 16. Ne1 f6 17. g3 Nf7 18. f4 exf4 19. gxf4 f5 20. exf5 Rae8 21. Ng2 Qf6
22. Rae1 Bc8 23. Kh1 Nh6 24. Rxe8 Rxe8 25. Re1 Rxe1+ 26. Qxe1 Kf7 27. Qe2 Nxf5
28. Bxf5 Bxf5 29. h4 Qg6 30. h5 Qg4 31. Qxg4 Bxg4 32. Ne3 Bxh5 33. Nf5 Be2 34.
Nxd6+ Ke7 35. Nf5+ Kf6 36. Ne3 a6 37. Kh2 b5 38. cxb5 axb5 39. Kg3 Bh5 40. Kh4
Be8 41. Kg4 Bd7+ 42. Kf3 g6 43. b4 cxb4 44. axb4 Ke7 45. Ke4 Kd6 46. Nd1 h5 47.
Nc3 h4 48. Kf3 Ke7 49. Ne4 Bf5 50. Nc3 Bd7 51. Ne4 Kf7 52. Kg2 Ke8 53. Kh2 Ke7
54. Kg2 Bf5 55. Nc3 Kd6 56. Kh2 Bd7 57. Kg2 Bg4 58. Nxb5+ Kxd5 59. Nc3+ Kd4 60.
Nb5+ Ke4 61. Nd6+ Kxf4 62. b5 Bf3+ 63. Kh3 g5 64. Nc4 Bd5 65. b6 Be6+ 66. Kh2
Bd5 67. Kh3 Be6+ 68. Kh2 Bc8 69. Nd6 Ba6 70. Kh3 g4+ 71. Kxh4 g3 72. b7 Bxb7
73. Nxb7 g2 0-1

[Event "25. Copenhagen Open  (Politiken Cup)"]
[Site "Copenhagen"]
[Date "2003.07.19"]
[Round "6"]
[White "Rasmussen, Jens"]
[Black "Johnson, Bjrn"]
[Result "0-1"]
[WhiteElo "1638"]
[BlackElo "2256"]
[PlyCount "84"]
[EventDate "2003.07.14"]
[EventType "swiss"]
[EventRounds "11"]
[EventCountry "DEN"]
[SourceDate "2004.01.01"]

1. d4 e6 2. Nf3 f5 3. e3 Nf6 4. Bd3 b6 5. Nbd2 Bb7 6. O-O c5 7. Re1 cxd4 8.
exd4 Be7 9. Ne5 O-O 10. Qe2 Qe8 11. Nf1 Qc8 12. Bd2 Nc6 13. Nxc6 Qxc6 14. f3
Bd6 15. c4 Qc7 16. Bg5 Nh5 17. g3 Rac8 18. Rac1 Ba8 19. a3 Qb7 20. Kf2 Rce8 21.
c5 Bc7 22. Ba6 Qd5 23. Red1 f4 24. Bxf4 Bxf4 25. Rc3 Bc7 26. Bc4 Qf5 27. f4 Nf6
28. Re3 Ng4+ 29. Ke1 Nxe3 30. Nxe3 Qh3 31. d5 exd5 32. Bxd5+ Bxd5 33. Rxd5 Bxf4
34. Rh5 Qe6 35. gxf4 Qxe3 36. Qxe3 Rxe3+ 37. Kd2 Rf3 38. cxb6 axb6 39. Rb5 Rf6
40. Rd5 R3xf4 41. Rxd7 Rf2+ 42. Kc3 Rxh2 0-1

[Event "25. Copenhagen Open  (Politiken Cup)"]
[Site "Copenhagen"]
[Date "2003.07.19"]
[Round "6"]
[White "Rasmussen, Peter Nybo"]
[Black "Rasmussen, Poul"]
[Result "0-1"]
[WhiteElo "1692"]
[BlackElo "1498"]
[PlyCount "84"]
[EventDate "2003.07.14"]
[EventType "swiss"]
[EventRounds "11"]
[EventCountry "DEN"]
[SourceDate "2004.01.01"]

1. d4 Nf6 2. c4 e6 3. Nc3 d5 4. cxd5 exd5 5. Bg5 Be7 6. e3 c6 7. Bd3 O-O 8.
Nge2 Re8 9. O-O Ne4 10. Bxe7 Qxe7 11. Qc2 Nf6 12. Ng3 Be6 13. Rfe1 Nbd7 14. e4
dxe4 15. Ngxe4 Qf8 16. Ng5 h6 17. Nxe6 Rxe6 18. Rxe6 fxe6 19. Qb3 Qd6 20. Bc4
Nd5 21. Ne4 Qc7 22. Qh3 Re8 23. Nc5 Nxc5 24. dxc5 Qf4 25. Qd3 Rf8 26. Qe2 Kh8
27. Rd1 Qf6 28. f3 Qf4 29. Bxd5 exd5 30. Qd2 Kg8 31. Kf2 Qxh2 32. Qe3 Qh4+ 33.
Kg1 Qf6 34. b3 Rd8 35. Rd4 Rf8 36. Kf2 b6 37. cxb6 axb6 38. g3 Qd6 39. Ra4 b5
40. Rg4 c5 41. Qd3 Qe6 42. Qxb5 Qxg4 0-1

[Event "25. Copenhagen Open  (Politiken Cup)"]
[Site "Copenhagen"]
[Date "2003.07.19"]
[Round "6"]
[White "Remman, Frank"]
[Black "Draeger, Michael"]
[Result "1-0"]
[WhiteElo "1548"]
[BlackElo "1702"]
[PlyCount "83"]
[EventDate "2003.07.14"]
[EventType "swiss"]
[EventRounds "11"]
[EventCountry "DEN"]
[SourceDate "2004.01.01"]

1. d4 d5 2. g3 Nf6 3. Bg2 c6 4. Nf3 e6 5. c4 Be7 6. O-O O-O 7. Nc3 b6 8. Ne5
Bb7 9. b3 Nbd7 10. f4 Rc8 11. Bb2 Nb8 12. Rc1 c5 13. e3 a6 14. g4 Ne4 15. g5
cxd4 16. exd4 f6 17. gxf6 Nxf6 18. Bh3 Qd6 19. c5 bxc5 20. Ba3 Ne4 21. dxc5
Rxc5 22. Nxe4 Rxc1 23. Nxd6 Rxd1 24. Bxe6+ Kh8 25. Rxd1 Bxd6 26. Bxd6 Re8 27.
Nf7+ Kg8 28. Nd8+ Kh8 29. Nxb7 Rxe6 30. Bxb8 h6 31. Rxd5 Rb6 32. Rd7 Kh7 33.
Be5 Kg6 34. Nd6 Kh5 35. Rxg7 Rc6 36. Ne4 Rc1+ 37. Kg2 Rc2+ 38. Kg3 Rc6 39. Nf6+
Rxf6 40. Bxf6 a5 41. f5 a4 42. Rg4 1-0

[Event "25. Copenhagen Open  (Politiken Cup)"]
[Site "Copenhagen"]
[Date "2003.07.19"]
[Round "6"]
[White "Richards, Heather"]
[Black "Christensen, Tobias"]
[Result "0-1"]
[WhiteElo "2233"]
[BlackElo "2371"]
[PlyCount "94"]
[EventDate "2003.07.14"]
[EventType "swiss"]
[EventRounds "11"]
[EventCountry "DEN"]
[SourceDate "2004.01.01"]

1. e4 c5 2. c3 d5 3. exd5 Qxd5 4. d4 Nc6 5. Nf3 Bg4 6. Be2 cxd4 7. cxd4 e6 8.
Nc3 Qa5 9. h3 Bxf3 10. Bxf3 Nf6 11. O-O Be7 12. Be3 O-O 13. Qe2 Rfe8 14. Rfd1
Rad8 15. a3 Rd7 16. b4 Qd8 17. Rac1 a5 18. Bxc6 bxc6 19. Na2 Nd5 20. Rxc6 axb4
21. axb4 Bxb4 22. Nxb4 Nxb4 23. Rc4 Nd5 24. Rdc1 Qf6 25. Rc8 Rxc8 26. Rxc8+ Rd8
27. Qa6 Qe7 28. Qa8 Rxc8 29. Qxc8+ Qf8 30. Qc6 h6 31. Bd2 Qb8 32. Qc2 Qd8 33.
g3 Ne7 34. Bc3 Qd5 35. Qe2 Qb3 36. Bd2 Qc2 37. Qe3 Nf5 38. Qf4 Qb1+ 39. Kg2
Qb7+ 40. Kh2 Qd5 41. Qb8+ Kh7 42. Qb1 g6 43. g4 Nh4 44. Qh1 Nf3+ 45. Kg3 Nxd2
46. Qxd5 exd5 47. Kf4 Nc4 0-1

[Event "25. Copenhagen Open  (Politiken Cup)"]
[Site "Copenhagen"]
[Date "2003.07.19"]
[Round "6"]
[White "Rossen, Claus"]
[Black "Riis, Jens"]
[Result "0-1"]
[WhiteElo "2202"]
[BlackElo "2067"]
[PlyCount "172"]
[EventDate "2003.07.14"]
[EventType "swiss"]
[EventRounds "11"]
[EventCountry "DEN"]
[SourceDate "2004.01.01"]

1. d4 Nf6 2. c4 c6 3. Nf3 d5 4. Qc2 g6 5. Nc3 Bg7 6. e3 Bf5 7. Qb3 Qb6 8. Qxb6
axb6 9. cxd5 Nxd5 10. Nxd5 cxd5 11. Bb5+ Bd7 12. Bd3 Nc6 13. Bd2 O-O 14. Bc3
Rfc8 15. Kd2 f6 16. Bc2 Rc7 17. b4 e6 18. Bb3 Bf8 19. a3 Ne7 20. Rhc1 Nf5 21.
Bb2 Rxc1 22. Rxc1 Nd6 23. Ne1 Ne4+ 24. Ke2 Bb5+ 25. Nd3 Bxd3+ 26. Kxd3 Nxf2+
27. Ke2 Ne4 28. Rc7 Rb8 29. h3 Nd6 30. g4 Rc8 31. Rd7 b5 32. e4 Nxe4 33. Rxb7
Nd6 34. Rd7 Ra8 35. Bc1 Rc8 36. Bd2 Ne4 37. Rb7 Nd6 38. Rd7 Rc6 39. Kd3 Ra6 40.
Bc1 Rc6 41. Bd2 Ra6 42. Bc1 Ra8 43. Ba2 Kh8 44. Bb3 Rc8 45. Bd2 Ne4 46. Rb7
Nxd2 47. Kxd2 Bh6+ 48. Kd3 Bc1 49. Rxb5 Bxa3 50. Rb6 Bb2 51. Ba2 Rc3+ 52. Kd2
Ra3 53. Bb1 Rxh3 54. Rxe6 Bxd4 55. Bd3 Rg3 56. Be2 Bc3+ 57. Kd1 Bxb4 58. Rxf6
d4 59. Rf4 Bc3 60. Kc2 Kg7 61. Bf3 Kh6 62. Kd3 Kg7 63. Ke2 Rg1 64. Kf2 Ra1 65.
Be2 Ra7 66. Re4 Rf7+ 67. Kg2 Kh6 68. Bd3 Kg5 69. Kg3 Rd7 70. Re5+ Kf6 71. Rc5
Re7 72. Kf2 Be1+ 73. Kf1 Bh4 74. Rd5 Rf7 75. Kg2 Bf2 76. Bc4 Rc7 77. Be2 Be3
78. Kf3 Rc3 79. Ke4 Rc2 80. Kf3 Ke6 81. Rd8 Rc3 82. Re8+ Kf7 83. Bb5 Bg5+ 84.
Ke2 d3+ 85. Kf2 d2 86. Ke2 Rc1 0-1

[Event "25. Copenhagen Open  (Politiken Cup)"]
[Site "Copenhagen"]
[Date "2003.07.19"]
[Round "6"]
[White "Roder, Peter"]
[Black "Rosenkilde, Alexander"]
[Result "1/2-1/2"]
[WhiteElo "2170"]
[BlackElo "1699"]
[PlyCount "81"]
[EventDate "2003.07.14"]
[EventType "swiss"]
[EventRounds "11"]
[EventCountry "DEN"]
[SourceDate "2004.01.01"]

1. d4 Nf6 2. c4 e6 3. Nc3 Bb4 4. e3 O-O 5. Nge2 d5 6. a3 Be7 7. Ng3 Nbd7 8. b4
c6 9. Be2 dxc4 10. Bxc4 e5 11. O-O exd4 12. exd4 Nb6 13. Bb3 Re8 14. Re1 Nbd5
15. Nxd5 Nxd5 16. Qd3 Be6 17. Bd2 Qd7 18. f4 g6 19. Rf1 f5 20. Kh1 Rad8 21. Ne2
Bf6 22. Rad1 Nc7 23. Bxe6+ Rxe6 24. Bc3 Rde8 25. Ng1 Re3 26. Qc2 Nd5 27. Bb2
R3e4 28. Qb3 Kg7 29. Bc1 Bxd4 30. Rxd4 Rxd4 31. Bb2 Ree4 32. Nf3 Nf6 33. Bxd4
Rxd4 34. Nxd4 Qxd4 35. Qd1 Qb6 36. Qd6 Ne4 37. Qe7+ Kg8 38. Qe6+ Kg7 39. Qa2
Qe3 40. Qb2+ Kh6 41. a4 1/2-1/2

[Event "25. Copenhagen Open  (Politiken Cup)"]
[Site "Copenhagen"]
[Date "2003.07.19"]
[Round "6"]
[White "Rorvik, Jon F"]
[Black "Hovmoller, Kristian"]
[Result "1/2-1/2"]
[WhiteElo "2162"]
[BlackElo "2302"]
[PlyCount "32"]
[EventDate "2003.07.14"]
[EventType "swiss"]
[EventRounds "11"]
[EventCountry "DEN"]
[SourceDate "2004.01.01"]

1. c4 Nf6 2. Nc3 c5 3. g3 Nc6 4. Bg2 g6 5. e4 Bg7 6. Nge2 O-O 7. O-O d6 8. h3
Nd7 9. d3 Nd4 10. f4 e6 11. Be3 f5 12. Qd2 Nb8 13. Bf2 Nbc6 14. Nxd4 Nxd4 15.
Ne2 Nxe2+ 16. Qxe2 Rb8 1/2-1/2

[Event "25. Copenhagen Open  (Politiken Cup)"]
[Site "Copenhagen"]
[Date "2003.07.19"]
[Round "6"]
[White "Schjelderup, Nils-Jakob"]
[Black "Hansen, Alexei"]
[Result "1-0"]
[WhiteElo "1587"]
[BlackElo "1973"]
[PlyCount "55"]
[EventDate "2003.07.14"]
[EventType "swiss"]
[EventRounds "11"]
[EventCountry "DEN"]
[SourceDate "2004.01.01"]

1. e4 c5 2. Nf3 e6 3. d4 cxd4 4. Nxd4 a6 5. Nc3 b5 6. Bd3 Bc5 7. Nb3 Be7 8. Be3
Qc7 9. O-O Bb7 10. a3 d6 11. f4 Nd7 12. Qe1 Ngf6 13. Qg3 h5 14. h3 h4 15. Qe1
Nc5 16. Nd2 Nh5 17. Qf2 Ng3 18. Rfe1 O-O-O 19. b4 Nd7 20. Ne2 Nxe2+ 21. Rxe2
Bf6 22. Rd1 Bc6 23. c4 Rdg8 24. cxb5 axb5 25. Nb3 Bd8 26. Na5 Nb8 27. Rc2 Qd7
28. Nxc6 1-0

[Event "25. Copenhagen Open  (Politiken Cup)"]
[Site "Copenhagen"]
[Date "2003.07.19"]
[Round "6"]
[White "Schmidt, Horst Hubert"]
[Black "Werner, Gert"]
[Result "0-1"]
[WhiteElo "1870"]
[BlackElo "2140"]
[PlyCount "118"]
[EventDate "2003.07.14"]
[EventType "swiss"]
[EventRounds "11"]
[EventCountry "DEN"]
[SourceDate "2004.01.01"]

1. e4 g6 2. d4 Bg7 3. c4 d6 4. Nc3 Nc6 5. Nf3 Bg4 6. Be3 e5 7. d5 Nce7 8. Qd2
h6 9. Be2 f5 10. g3 Nf6 11. h3 Bxf3 12. Bxf3 Qd7 13. O-O-O a6 14. Kb1 O-O-O 15.
c5 fxe4 16. Nxe4 Qf5 17. Qc2 Qxf3 18. cxd6 Qxe4 19. dxe7 Qxc2+ 20. Kxc2 Rxd5
21. f4 Re8 22. fxe5 Rxe5 23. Rd8+ Rxd8 24. exd8=Q+ Kxd8 25. Bd4 Re6 26. Rf1 a5
27. Bc3 b6 28. b4 axb4 29. Bxb4 c5 30. Bc3 Kd7 31. a4 Kc6 32. a5 bxa5 33. Bxa5
Nd5 34. Rf7 Be5 35. Bd2 Bxg3 36. Bxh6 Nb4+ 37. Kb3 Kd5 38. Rd7+ Rd6 39. Rc7 Nd3
40. Kc3 Nf2 41. Bf8 Rc6 42. Rd7+ Bd6 43. Bxd6 Rxd6 44. Rh7 c4 45. h4 Ne4+ 46.
Kc2 Kd4 47. h5 gxh5 48. Rxh5 Rf6 49. Rh8 Rf2+ 50. Kc1 Rd2 51. Rd8+ Kc3 52. Rh8
Nf2 53. Kb1 Nd3 54. Ra8 Kb3 55. Rb8+ Nb4 56. Kc1 c3 57. Rb7 Rh2 58. Rxb4+ Kxb4
59. Kb1 Kb3 0-1

[Event "25. Copenhagen Open  (Politiken Cup)"]
[Site "Copenhagen"]
[Date "2003.07.19"]
[Round "6"]
[White "Schuetzhold, Frank"]
[Black "Romsdal, Trond"]
[Result "0-1"]
[WhiteElo "2063"]
[BlackElo "2207"]
[PlyCount "180"]
[EventDate "2003.07.14"]
[EventType "swiss"]
[EventRounds "11"]
[EventCountry "DEN"]
[SourceDate "2004.01.01"]

1. b3 d5 2. Bb2 c5 3. e3 e6 4. Bb5+ Nd7 5. f4 Ngf6 6. Nf3 Bd6 7. O-O O-O 8. Qe1
a6 9. Bxd7 Nxd7 10. Qg3 f6 11. d3 Qe7 12. Nbd2 b5 13. c4 bxc4 14. bxc4 Rb8 15.
Bc3 Nb6 16. Rab1 Na4 17. Ba1 Qc7 18. Qe1 d4 19. Ne4 Rxb1 20. Qxb1 dxe3 21. Qc2
Bd7 22. Nxd6 Qxd6 23. Qe2 Bc6 24. Qxe3 Rd8 25. Ne1 Be8 26. Rf3 Bg6 27. Qc1 Qb6
28. Qc2 Qb4 29. Re3 Kf7 30. Kf2 Bf5 31. Re2 Rd6 32. Rd2 Rb6 33. Rd1 h6 34. h4
h5 35. g3 Bg4 36. Rc1 Qa5 37. Kf1 Rb4 38. Kf2 Qb6 39. Kf1 Qb7 40. Qg2 Qd7 41.
Qc2 Rb8 42. Kg1 Bf5 43. Rb1 Rxb1 44. Qxb1 Qc6 45. Qc2 Nb6 46. Qg2 Qd7 47. Qf3
Kg6 48. Qe2 Nc8 49. Qc2 Nd6 50. Qb3 Nf7 51. Kh2 Nh6 52. Qc2 Ng4+ 53. Kg1 Qb7
54. Qb3 Qc7 55. Qa4 Qd8 56. Qc2 Qa5 57. Bc3 Qa3 58. Qb2 Qa4 59. Qb3 Qd7 60. Qc2
Qd6 61. Qe2 Kf7 62. Qf3 Qb8 63. Qe2 g5 64. Qb2 Qc7 65. hxg5 fxg5 66. Bh8 Kg6
67. Nf3 gxf4 68. Ne5+ Nxe5 69. Bxe5 Qd7 70. Bh8 fxg3 71. Qf6+ Kh7 72. Kg2 Kg8
73. Kxg3 Qxd3+ 74. Kf2 Qd2+ 75. Kg3 Qe1+ 76. Kf4 Qe4+ 77. Kg5 Qg4+ 78. Kh6 Qg6+
79. Qxg6+ Bxg6 80. Kxg6 Kxh8 81. Kxh5 Kg7 82. Kg5 a5 83. Kf4 Kf6 84. Ke4 a4 85.
a3 e5 86. Kd5 Kf5 87. Kxc5 e4 88. Kd4 Kf4 89. c5 e3 90. Kd3 Kf3 0-1

[Event "25. Copenhagen Open  (Politiken Cup)"]
[Site "Copenhagen"]
[Date "2003.07.19"]
[Round "6"]
[White "Semcesen, Daniel"]
[Black "Bering, Anders"]
[Result "1-0"]
[WhiteElo "2234"]
[BlackElo "2101"]
[PlyCount "83"]
[EventDate "2003.07.14"]
[EventType "swiss"]
[EventRounds "11"]
[EventCountry "DEN"]
[SourceDate "2004.01.01"]

1. e4 e5 2. f4 exf4 3. Nf3 g5 4. h4 g4 5. Ne5 Nf6 6. d4 d6 7. Nd3 Nxe4 8. Bxf4
Qe7 9. Qe2 Bg7 10. c3 h5 11. g3 Nc6 12. Bg2 Bf5 13. Nf2 Nxf2 14. Qxe7+ Kxe7 15.
Kxf2 Bh6 16. Re1+ Kd7 17. Bxh6 Rxh6 18. Nd2 Re8 19. Nc4 Rxe1 20. Rxe1 Bd3 21.
Ne3 Rf6+ 22. Kg1 Bg6 23. b4 Nd8 24. a4 Re6 25. Kf2 Be4 26. Bxe4 Rxe4 27. Rf1 c6
28. Ke2 Re8 29. Rf5 Rh8 30. Ng2 Ke6 31. Rg5 f6 32. Nf4+ Kf7 33. Rxh5 Rxh5 34.
Nxh5 Ne6 35. Ke3 Kg6 36. Nf4+ Nxf4 37. Kxf4 f5 38. c4 b6 39. d5 cxd5 40. cxd5
a6 41. b5 a5 42. h5+ 1-0

[Event "25. Copenhagen Open  (Politiken Cup)"]
[Site "Copenhagen"]
[Date "2003.07.19"]
[Round "6"]
[White "Skjoldan, Benjamin"]
[Black "Rendboe, John Filip"]
[Result "1-0"]
[WhiteElo "2092"]
[BlackElo "2239"]
[PlyCount "147"]
[EventDate "2003.07.14"]
[EventType "swiss"]
[EventRounds "11"]
[EventCountry "DEN"]
[SourceDate "2004.01.01"]

1. d4 Nf6 2. c4 e6 3. g3 c5 4. Nf3 cxd4 5. Nxd4 d5 6. cxd5 Qxd5 7. Nf3 Qxd1+ 8.
Kxd1 b6 9. Nc3 Bb7 10. Bg2 Bb4 11. Bd2 O-O 12. Kc2 Ng4 13. Raf1 Nc6 14. h3 Nf6
15. a3 Be7 16. Rhg1 Rfd8 17. Rd1 Rac8 18. e3 Ne4 19. Be1 Rxd1 20. Kxd1 Rd8+ 21.
Kc2 Nc5 22. Bf1 e5 23. b4 Ne6 24. Nd2 a5 25. b5 Nb8 26. Nc4 Nd7 27. Na4 Be4+
28. Kb2 Nec5 29. Naxb6 Nxb6 30. Nxb6 Rb8 31. Bxa5 Bd8 32. Nc4 Rxb5+ 33. Bb4
Na4+ 34. Kb3 Nc5+ 35. Ka2 Bd5 36. Ka1 Bf6 37. Nb2 Nb3+ 38. Ka2 Nd2+ 39. Ka1
Nb3+ 40. Kb1 Rb8 41. Bc4 Bxc4 42. Nxc4 Nc5 43. Kc2 Ne4 44. Rf1 h5 45. h4 Rc8
46. Kd3 Nxf2+ 47. Rxf2 e4+ 48. Kxe4 Rxc4+ 49. Kf3 Be5 50. Rd2 f6 51. Rd5 Kf7
52. Ra5 Rc1 53. Ra7+ Kg6 54. Bf8 f5 55. Ra6+ Kf7 56. Bd6 Bxd6 57. Rxd6 Rf1+ 58.
Ke2 Ra1 59. Ra6 g6 60. a4 Kg7 61. a5 Rg1 62. Kf2 Ra1 63. Ra8 Kh7 64. a6 Kg7 65.
Ke2 Kh7 66. Kd3 Ra3+ 67. Kd4 Kg7 68. Kc5 Rxe3 69. Rd8 Ra3 70. Kb5 Rb3+ 71. Ka4
Rb1 72. Rd3 Rb6 73. Ka5 Rb8 74. a7 1-0

[Event "25. Copenhagen Open  (Politiken Cup)"]
[Site "Copenhagen"]
[Date "2003.07.19"]
[Round "6"]
[White "Skytte, Rasmus"]
[Black "Jorgensen, Dennis"]
[Result "1-0"]
[WhiteElo "2404"]
[BlackElo "2104"]
[PlyCount "127"]
[EventDate "2003.07.14"]
[EventType "swiss"]
[EventRounds "11"]
[EventCountry "DEN"]
[SourceDate "2004.01.01"]

1. e4 c6 2. c4 e5 3. Nf3 d6 4. d4 Nd7 5. Nc3 Ngf6 6. Be2 Be7 7. O-O O-O 8. Rb1
a6 9. b4 b5 10. a4 Bb7 11. dxe5 dxe5 12. Qc2 Qc7 13. axb5 cxb5 14. c5 Bc6 15.
Rd1 Qb7 16. Bg5 Rfe8 17. Nd2 Bd8 18. Be3 Nf8 19. f3 Ne6 20. Nb3 Bc7 21. Bf1
Rad8 22. Ra1 Rxd1 23. Nxd1 Rd8 24. Qa2 Ra8 25. Nf2 Qc8 26. g3 Qe8 27. Bh3 Bb7
28. Rd1 Rd8 29. Rxd8 Bxd8 30. Qd2 Bc7 31. Nd1 Qd8 32. Bxe6 fxe6 33. Qxd8+ Bxd8
34. Nf2 Nd7 35. Bd2 Nb8 36. Nc1 Nc6 37. Ncd3 Bc7 38. Bc3 h5 39. Kg2 Kf7 40. Nh3
Ke7 41. Kf2 Bc8 42. Ke3 Bd7 43. Ng1 Be8 44. Ne2 Bf7 45. Nec1 Be8 46. Nb3 Kd7
47. Kd2 g5 48. h3 Nd4 49. Nxd4 exd4 50. Bxd4 Bxg3 51. Be5 Bxe5 52. Nxe5+ Kc7
53. Ke3 Kb7 54. Kd4 Kc7 55. Nd3 Kd7 56. Ke5 Ke7 57. Nc1 h4 58. Nb3 Bh5 59. Nd4
Bf7 60. f4 gxf4 61. Kxf4 Kd7 62. e5 Bg6 63. Kg5 Bd3 64. Kxh4 1-0

[Event "25. Copenhagen Open  (Politiken Cup)"]
[Site "Copenhagen"]
[Date "2003.07.19"]
[Round "6"]
[White "Solleveld, Maarten"]
[Black "Andersen, Kaare Vissing"]
[Result "1-0"]
[WhiteElo "2458"]
[BlackElo "2245"]
[PlyCount "47"]
[EventDate "2003.07.14"]
[EventType "swiss"]
[EventRounds "11"]
[EventCountry "DEN"]
[SourceDate "2004.01.01"]

1. e4 e6 2. d4 d5 3. Nc3 Bb4 4. e5 c5 5. a3 Bxc3+ 6. bxc3 Ne7 7. Qg4 Qc7 8.
Qxg7 Rg8 9. Qxh7 cxd4 10. Ne2 Nbc6 11. f4 Bd7 12. Qd3 dxc3 13. Qxc3 Nf5 14. Rb1
O-O-O 15. Rg1 Ncd4 16. Qxc7+ Kxc7 17. c3 Nc2+ 18. Kf2 d4 19. Nxd4 Ncxd4 20.
cxd4 Bc6 21. g4 Nxd4 22. Rg3 Bd5 23. Be3 Nc6 24. h4 1-0

[Event "25. Copenhagen Open  (Politiken Cup)"]
[Site "Copenhagen"]
[Date "2003.07.19"]
[Round "6"]
[White "Spanton, Timothy"]
[Black "Manley, Christian"]
[Result "1-0"]
[WhiteElo "2021"]
[BlackElo "1613"]
[PlyCount "101"]
[EventDate "2003.07.14"]
[EventType "swiss"]
[EventRounds "11"]
[EventCountry "DEN"]
[SourceDate "2004.01.01"]

1. e4 c5 2. c4 Nf6 3. Nc3 Nc6 4. Nge2 d6 5. d4 cxd4 6. Nxd4 a6 7. Be2 g6 8. O-O
Bg7 9. Be3 O-O 10. Qd2 Bd7 11. Rfd1 Ng4 12. Bxg4 Bxg4 13. f3 Bd7 14. Nd5 f5 15.
exf5 gxf5 16. Nxc6 bxc6 17. Bb6 Qb8 18. Nxe7+ Kf7 19. Bd4 Bxd4+ 20. Qxd4 Kxe7
21. Qg7+ Rf7 22. Re1+ Kd8 23. Qxf7 Kc7 24. Re7 Qb6+ 25. Kh1 Rd8 26. Qxf5 Qxb2
27. Qa5+ Kc8 28. Qxa6+ Kc7 29. Rae1 Rb8 30. Qa5+ Kc8 31. Rxh7 c5 32. Re8+ Kb7
33. Rxd7+ Kc6 34. Qa4+ Rb5 35. Qxb5+ Qxb5 36. cxb5+ Kxd7 37. b6 Kc6 38. Rd8
Kxb6 39. Rxd6+ Kb5 40. h4 c4 41. h5 c3 42. Rd1 Ka4 43. h6 Ka3 44. h7 c2 45. Ra1
Ka4 46. h8=Q c1=Q+ 47. Rxc1 Ka3 48. Qc3+ Ka4 49. Qb3+ Ka5 50. Rc4 Ka6 51. Ra4#
1-0

[Event "25. Copenhagen Open  (Politiken Cup)"]
[Site "Copenhagen"]
[Date "2003.07.19"]
[Round "6"]
[White "Stolberg-Rohr, Thomine"]
[Black "Madsen, Poul Henrik"]
[Result "0-1"]
[WhiteElo "1773"]
[BlackElo "2080"]
[PlyCount "78"]
[EventDate "2003.07.14"]
[EventType "swiss"]
[EventRounds "11"]
[EventCountry "DEN"]
[SourceDate "2004.01.01"]

1. e4 d5 2. exd5 Qxd5 3. Nc3 Qa5 4. d4 c6 5. Bc4 Bf5 6. Bd2 e6 7. Qf3 Nd7 8.
Bb3 Bb4 9. a3 Ngf6 10. Rd1 Bxc3 11. Bxc3 Qc7 12. Ne2 Ne4 13. d5 Nxc3 14. Qxc3
exd5 15. Rxd5 Be6 16. Rg5 Bxb3 17. Qxb3 O-O 18. O-O Rae8 19. Nd4 Qf4 20. Nf3 h6
21. Ra5 Qb8 22. Nh4 b6 23. Rf5 Nc5 24. Qf3 Qd8 25. Rh5 Re6 26. Nf5 Qf6 27. b3
Rfe8 28. Qg4 Qg6 29. Qf3 Ne4 30. Nh4 Qf6 31. Qxf6 Nxf6 32. Rf5 Re2 33. c3 Rb2
34. b4 Rb3 35. Rc1 Rxc3 36. Rd1 Rxa3 37. h3 Re4 38. g4 Rxh3 39. g5 hxg5 0-1

[Event "25. Copenhagen Open  (Politiken Cup)"]
[Site "Copenhagen"]
[Date "2003.07.19"]
[Round "6"]
[White "Struch, Thomas"]
[Black "Mortensen, Henrik"]
[Result "1/2-1/2"]
[WhiteElo "1600"]
[BlackElo "2027"]
[PlyCount "89"]
[EventDate "2003.07.14"]
[EventType "swiss"]
[EventRounds "11"]
[EventCountry "DEN"]
[SourceDate "2004.01.01"]

1. e4 c5 2. c3 e5 3. Nf3 Nc6 4. d4 d6 5. dxe5 dxe5 6. Qxd8+ Kxd8 7. Na3 f6 8.
Be3 a6 9. O-O-O+ Kc7 10. Bc4 Nh6 11. h3 Be7 12. g4 g5 13. Ne1 b5 14. Bd5 c4 15.
Nec2 Bb7 16. f3 Na5 17. h4 Bxd5 18. Rxd5 Nf7 19. Rhd1 Rhd8 20. Rxd8 Rxd8 21.
Rxd8 Nxd8 22. hxg5 fxg5 23. Nb1 Ne6 24. Nd2 Nf4 25. Nf1 Nd3+ 26. Kb1 Nb7 27.
Ng3 Nbc5 28. Nf5 Bd8 29. Nh6 Na4 30. Bc1 Nxc1 31. Kxc1 Nc5 32. Ne1 Kd7 33. Kc2
Ke6 34. b4 Nd7 35. Kd2 Bb6 36. Ng2 Bf2 37. Ne3 Bxe3+ 38. Kxe3 Nb6 39. Nf5 Na4
40. Kd2 Nb6 41. Ne3 Kd6 42. Kc2 Ke6 43. Kd2 Kd6 44. Kc2 Ke6 45. Kd2 1/2-1/2

[Event "25. Copenhagen Open  (Politiken Cup)"]
[Site "Copenhagen"]
[Date "2003.07.19"]
[Round "6"]
[White "Thestrup, Sixten"]
[Black "Pedersen, Kaj Vinding"]
[Result "1-0"]
[WhiteElo "1704"]
[BlackElo "1553"]
[PlyCount "87"]
[EventDate "2003.07.14"]
[EventType "swiss"]
[EventRounds "11"]
[EventCountry "DEN"]
[SourceDate "2004.01.01"]

1. e4 e5 2. Nf3 Qe7 3. Nc3 Nf6 4. d3 g6 5. Bg5 c6 6. d4 d6 7. d5 Bg7 8. Bc4 c5
9. O-O O-O 10. Nd2 h6 11. Bxf6 Bxf6 12. Bb3 a6 13. a4 a5 14. Nc4 Bd7 15. Na3
Na6 16. Ncb5 Bxb5 17. Nxb5 Nc7 18. Bc4 Nxb5 19. Bxb5 Bg7 20. c3 f5 21. f3 f4
22. Rb1 Qh4 23. b4 b6 24. Qd3 Ra7 25. bxa5 bxa5 26. Bc6 Bf6 27. Qb5 Bd8 28. Qb8
Qe7 29. Rb2 Qc7 30. Rfb1 Qxb8 31. Rxb8 Bc7 32. R8b7 Rxb7 33. Rxb7 Rf7 34. Be8
Rg7 35. Bxg6 Re7 36. Kf2 Kg7 37. Bf5 Kf6 38. Ra7 Rg7 39. Ra8 Re7 40. Rh8 Rg7
41. Rxh6+ Ke7 42. c4 Rg8 43. Rh7+ Kd8 44. Rd7+ 1-0